Science & its limits : (Registro nro. 62191)
[ vista simple ]
| 000 -LEADER | |
|---|---|
| fixed length control field | 00675nam a2200205 a 4500 |
| 001 - CONTROL NUMBER | |
| control field | 62191 |
| 005 - DATE AND TIME OF LATEST TRANSACTION | |
| control field | 20180714064121.0 |
| 008 - FIXED-LENGTH DATA ELEMENTS--GENERAL INFORMATION | |
| fixed length control field | 150305s2000 xxu 000 0 spa d |
| 020 ## - INTERNATIONAL STANDARD BOOK NUMBER | |
| International Standard Book Number | 0-8308-1580-5 |
| 082 0# - DEWEY DECIMAL CLASSIFICATION NUMBER | |
| Classification number | 261.55 |
| Item number | RAT |
| 100 1# - MAIN ENTRY--PERSONAL NAME | |
| Personal name | Ratzsch, Delvin Lee, |
| Dates associated with a name | 1945 |
| Relator term | autor |
| 245 10 - TITLE STATEMENT | |
| Title | Science & its limits : |
| Remainder of title | the natural sciences in christian perspective / |
| Medium | Del Ratzsch |
| 250 ## - EDITION STATEMENT | |
| Edition statement | Segunda edición |
| 264 #1 - PRODUCTION, PUBLICATION, DISTRIBUTION, MANUFACTURE, AND COPYRIGHT NOTICE | |
| Place of production, publication, distribution, manufacture | Estados Unidos de America : |
| Name of producer, publisher, distributor, manufacturer | Inter Varsity Press, |
| Date of production, publication, distribution, manufacture, or copyright notice | 2000 |
| 300 ## - PHYSICAL DESCRIPTION | |
| Extent | 191 páginas ; |
| Dimensions | 21 cm. |
| 336 ## - CONTENT TYPE | |
| Content type term | texto |
| Source | rdacontent |
| 337 ## - MEDIA TYPE | |
| Media type term | sin mediación |
| Source | rdamedia |
| 338 ## - CARRIER TYPE | |
| Carrier type term | volumen |
| Source | rdacarrier |
| 650 04 - SUBJECT ADDED ENTRY--TOPICAL TERM | |
| Topical term or geographic name entry element | Religion y ciencia |
| Withdrawn status | Lost status | Source of classification or shelving scheme | Damaged status | Not for loan | Collection code | Home library | Current library | Shelving location | Date acquired | Source of acquisition | Inventory number | Total Checkouts | Full call number | Barcode | Date last seen | Price effective from | Koha item type |
|---|---|---|---|---|---|---|---|---|---|---|---|---|---|---|---|---|---|
| Dewey Decimal Classification | General | Centro de Estudios en Ciencia y Religión | Centro de Estudios en Ciencia y Religión | Sala general | 05/03/2015 | Compra | 151000000000000000015329 | 261.55 RAT 2000 | 86208 | 05/01/2026 | 20/11/2015 | Libro |